Statistiken für Europäische Stadt zum Fußballklub

Klicken Sie hier um das Quiz zu spielen!

Allgemein

  • Dieses Quiz wurde 2.289 mal gespielt
  • Das Durchschnittsergebnis liegt bei 25 aus 36

Antwortstatistiken

ClubCity% Korrekt
Sporting ______Lissabon
98%
JuventusTurin
96%
Atlético ______Madrid
95%
AjaxAmsterdam
94%
Bayern _______München
94%
_____ Saint-GermainParis
94%
HerthaBerlin
92%
ArsenalLondon
92%
InterMailand
92%
LazioRom
90%
BeşiktaşIstanbul
89%
Roter Stern ________Belgrad
87%
CelticGlasgow
87%
Rapid ____Wien
87%
Young BoysBern
86%
Lokomotiv ______Moskau
86%
FeyenoordRotterdam
82%
EspanyolBarcelona
79%
ShakhtarDonezk
79%
ZenitSankt Petersburg
77%
Legia ______Warschau
77%
PanathinaikosAthen
73%
SampdoriaGenua
69%
Dinamo ______Zagreb
69%
EvertonLiverpool
68%
GrasshoppersZürich
65%
AnderlechtBrüssel
53%
FerencvárosBudapest
52%
HJKHelsinki
45%
Shamrock RoversDublin
37%
Aston VillaBirmingham
36%
FCSBBukarest
35%
AIKStockholm
28%
Bohemians ______ 1905Prag
24%
VålerengaOslo
21%
ValurReykjavík
17%

Verteilung der Resultate

Perzentil nach korrekt beantworteten Fragen

Anzahl Personen mit jedem Resultat

Ihre Resultats-Entwicklung

Sie haben dieses Quiz noch nicht gespielt